IT Solution Helpdesk (Record no. 69244)

MARC details
000 -LEADER
fixed length control field 00349nam a2200145Ia 4500
008 - FIXED-LENGTH DATA ELEMENTS--GENERAL INFORMATION
fixed length control field 221007s9999 xx 000 0 und d
041 ## - LANGUAGE CODE
Language code of text/sound track or separate title eng
082 ## - DEWEY DECIMAL CLASSIFICATION NUMBER
Item number RAD
100 ## - MAIN ENTRY--PERSONAL NAME
Personal name Raddi Upasana D (2k81131)
9 (RLIN) 102086
245 ## - TITLE STATEMENT
Title IT Solution Helpdesk
260 ## - PUBLICATION, DISTRIBUTION, ETC. (IMPRINT)
Date of publication, distribution, etc. 2010
Name of publisher, distributor, etc. Pune University
Place of publication, distribution, etc. Pune
300 ## - PHYSICAL DESCRIPTION
Extent 85p
520 ## - SUMMARY, ETC.
Summary, etc. Lone Huma
906 ## - LOCAL DATA ELEMENT F, LDF (RLIN)
b General
Holdings
Withdrawn status Lost status Damaged status Not for loan Home library Current library Date acquired Vendor Total Checkouts Full call number Barcode Date last seen Bill Date Koha item type Original Barcode
        Smt. Hiraben Nanavati Institute of Management & Research for Women Smt. Hiraben Nanavati Institute of Management & Research for Women 02/09/2010 Satya Gilani   RAD HIMR-PR-370 07/10/2022 02/09/2010 Project Reports PR0370